[Event "Hillerod Klubmesterskab Gruppe C"]
[Site "Hillerod"]
[Date "????.??.??"]
[Round "1"]
[White "Christoffersen, Micki Aron"]
[Black "Rabjerg, Thue"]
[Result "1-0"]
[WhiteElo "1278"]
[BlackElo "1390"]
[PlyCount "57"]
[EventDate "2017.??.??"]
[EventType "tourn"]
[EventRounds "9"]
[EventCountry "DEN"]

1. e4 e6 2. Nf3 d5 3. exd5 exd5 4. d4 Bd6 5. Nc3 Nf6 6. Bd3 O-O 7. O-O Re8 8.
Bd2 Nc6 9. h3 Nb4 10. Be2 a6 11. a3 Nc6 12. Na2 b5 13. b4 Ne7 14. Nc1 Ng6 15.
Nd3 Ne4 16. Re1 Nh4 17. Bf4 Bxf4 18. Nxf4 Nc3 19. Qd2 Nxe2+ 20. Rxe2 Nxf3+ 21.
gxf3 Qg5+ 22. Ng2 Bxh3 23. Rxe8+ Rxe8 24. Qxg5 h6 25. Qxd5 Re6 26. Nf4 Rd6 27.
Qa8+ Kh7 28. Nxh3 Rg6+ 29. Kf1 1-0

[Event "Hillerod Klubmesterskab Gruppe C"]
[Site "Hillerod"]
[Date "????.??.??"]
[Round "1"]
[White "Hein, Jacob"]
[Black "Eldor, Finn"]
[Result "1-0"]
[WhiteElo "1424"]
[BlackElo "1356"]
[PlyCount "99"]
[EventDate "2017.??.??"]
[EventType "tourn"]
[EventRounds "9"]
[EventCountry "DEN"]

1. Nf3 d5 2. d4 Bf5 3. Bf4 Nc6 4. a3 Nf6 5. Nc3 e6 6. Rc1 Be7 7. Nb5 Rc8 8. e3
a6 9. Nc3 O-O 10. Bd3 Bg4 11. h3 Bh5 12. g4 Bg6 13. Nh4 Bxd3 14. cxd3 Nxg4 15.
Qxg4 Bxh4 16. Rg1 g6 17. Ne2 f5 18. Qh5 Bf6 19. Qf3 Ne7 20. Be5 c6 21. Bxf6
Rxf6 22. h4 h5 23. Qxh5 Kg7 24. Qg5 Qd6 25. Nf4 Kf7 26. h5 Rg8 27. h6 Rh8 28.
Nh5 e5 29. dxe5 Qxe5 30. d4 Qe6 31. Nf4 Qd6 32. Rg3 Ng8 33. Rh3 Rh7 34. Ke2 Qf8
35. Rch1 Ne7 36. Nd3 Ke8 37. Qg3 Ng8 38. Qb8+ Ke7 39. Qxb7+ Ke8 40. Qxh7 Rf7
41. Qxg6 Ne7 42. Qh5 Kd8 43. Ne5 Rh7 44. Qg5 Kc7 45. Rc1 f4 46. exf4 Qe8 47. f5
Kb7 48. Rb3+ Kc7 49. Rxc6+ Qxc6 50. Nxc6 1-0

[Event "Hillerod Klubmesterskab Gruppe C"]
[Site "Hillerod"]
[Date "????.??.??"]
[Round "1"]
[White "Holm, Erik"]
[Black "Hansen, Hardy"]
[Result "1-0"]
[WhiteElo "1369"]
[BlackElo "1377"]
[PlyCount "131"]
[EventDate "2017.??.??"]
[EventType "tourn"]
[EventRounds "9"]
[EventCountry "DEN"]

1. e4 e6 2. Nf3 Nc6 3. d4 d5 4. Nc3 Nf6 5. e5 Nd7 6. Bd3 Be7 7. O-O b6 8. Ne2
Bb7 9. c3 g6 10. Bh6 Rg8 11. Be3 f6 12. exf6 Bxf6 13. Nf4 Qe7 14. Re1 O-O-O 15.
Bd2 Nf8 16. Ne5 Rd6 17. Nxc6 Bxc6 18. Bc2 Qd7 19. Nd3 Qf7 20. Ne5 Bxe5 21. Rxe5
Nd7 22. Re3 Qg7 23. Qg4 Re8 24. Rae1 Nf8 25. Bb3 Kb7 26. Re5 Nd7 27. R5e3 Nf6
28. Qh3 h5 29. Bd1 Bd7 30. Qg3 Ne4 31. Qe5 Qg8 32. Bc1 Rf8 33. Rf3 Bc8 34. Rxf8
Qxf8 35. f3 Nf6 36. Bf4 Qf7 37. Qe3 Rd8 38. Bg5 Rg8 39. Qf4 Rf8 40. Bxf6 Qxf6
41. Qxf6 Rxf6 42. Re5 Bd7 43. Kf2 Kc6 44. Kg3 Kd6 45. Kh4 Be8 46. Kg5 Ke7 47.
h4 Kf7 48. Kh6 b5 49. Bc2 Ke7 50. Rg5 Kd6 51. Bxg6 c5 52. Kxh5 Bxg6+ 53. Rxg6
Rf5+ 54. Kg4 b4 55. h5 Ke7 56. h6 Rf8 57. h7 Rh8 58. Rh6 Kf7 59. Kg5 a5 60. g4
cxd4 61. cxd4 e5 62. dxe5 Ke7 63. Kg6 d4 64. Kg7 d3 65. Kxh8 d2 66. Rh1 1-0

[Event "Hillerod Klubmesterskab Gruppe C"]
[Site "Hillerod"]
[Date "????.??.??"]
[Round "1"]
[White "Hviid, Hans Henrik"]
[Black "Wennerberg, Thien"]
[Result "1-0"]
[WhiteElo "1358"]
[BlackElo "1052"]
[PlyCount "103"]
[EventDate "2017.??.??"]
[EventType "tourn"]
[EventRounds "9"]
[EventCountry "DEN"]

1. e4 Nc6 2. d4 e6 3. Nf3 Bb4+ 4. c3 Ba5 5. Bb5 b6 6. b4 Nxb4 7. cxb4 Bxb4+ 8.
Bd2 Bxd2+ 9. Qxd2 c6 10. Be2 d5 11. e5 Ne7 12. O-O Nf5 13. g4 Nh4 14. Qf4 Nxf3+
15. Bxf3 Qe7 16. h3 f6 17. Nc3 fxe5 18. Qxe5 Bb7 19. g5 Rf8 20. Bg4 Bc8 21.
Rfe1 h6 22. Bxe6 Bxe6 23. Qxe6 Qxe6 24. Rxe6+ Kd7 25. Rg6 hxg5 26. Rxg7+ Kd6
27. Rxg5 Rf3 28. Rg6+ Kc7 29. Rg3 Rxg3+ 30. fxg3 Rg8 31. Kg2 Re8 32. Rc1 Kd6
33. Kf3 Rf8+ 34. Kg2 a6 35. Ne2 c5 36. dxc5+ bxc5 37. Rb1 Re8 38. Nf4 Kc6 39.
h4 c4 40. h5 c3 41. Nd3 Re3 42. Nb4+ Kc5 43. Nxa6+ Kc4 44. Rb4+ Kd3 45. Nc5+
Kc2 46. Nb3 Kd3 47. Rd4+ Ke2 48. Rxd5 c2 49. Rd2+ Ke1 50. Rxc2 Kd1 51. Kf2 Re5
52. Rd2# 1-0

[Event "Hillerod Klubmesterskab Gruppe C"]
[Site "Hillerod"]
[Date "????.??.??"]
[Round "1"]
[White "Nielsen, Benny"]
[Black "Agerso, Sebastian"]
[Result "1-0"]
[WhiteElo "1303"]
[BlackElo "1000"]
[PlyCount "85"]
[EventDate "2017.??.??"]
[EventType "tourn"]
[EventRounds "9"]
[EventCountry "DEN"]

1. d4 d5 2. Nf3 Nf6 3. Bg5 h6 4. Bh4 g5 5. Bg3 Nc6 6. c3 Be6 7. Nbd2 Qd7 8. h3
O-O-O 9. Ne5 Nxe5 10. Bxe5 Bg7 11. e3 g4 12. h4 h5 13. Rc1 Bf5 14. c4 c6 15. c5
Rhg8 16. Qa4 b5 17. Qa6+ Qb7 18. Qxb7+ Kxb7 19. Nb3 Ka6 20. Be2 Nd7 21. Bxg7
Rxg7 22. a4 Rb8 23. O-O e5 24. Ra1 Bc2 25. axb5+ Kb7 26. Na5+ Kc7 27. Nxc6 Rb7
28. Rxa7 e4 29. Rxb7+ Kxb7 30. Na5+ Kc8 31. Ra1 Bd3 32. Bf1 g3 33. Nc6 f5 34.
Ra8+ Kb7 35. Ra7+ Kc8 36. b6 Rg8 37. Ra8+ Kb7 38. Rxg8 Kxc6 39. Rxg3 Nf6 40.
Rg6 Kb5 41. Rxf6 Kb4 42. b7 Kb3 43. b8=Q+ 1-0

[Event "Hillerod Klubmesterskab Gruppe C"]
[Site "Hillerod"]
[Date "????.??.??"]
[Round "2"]
[White "Hansen, Hardy"]
[Black "Agerso, Sebastian"]
[Result "1-0"]
[WhiteElo "1377"]
[BlackElo "1000"]
[PlyCount "75"]
[EventDate "2017.??.??"]
[EventType "tourn"]
[EventRounds "9"]
[EventCountry "DEN"]

1. d4 d5 2. Bf4 f5 3. e3 e6 4. h3 Nf6 5. c3 Be7 6. Nf3 O-O 7. Ne5 c6 8. g4 h6
9. g5 hxg5 10. Bxg5 Qe8 11. h4 Nbd7 12. Bf4 Nxe5 13. Bxe5 Qh5 14. Be2 Ng4 15.
Bg3 g5 16. Kd2 gxh4 17. Qg1 Qh6 18. Bf4 Bg5 19. Bxg5 Qxg5 20. f3 Qxe3+ 21. Qxe3
Nxe3 22. Kxe3 f4+ 23. Kf2 e5 24. Nd2 e4 25. Rag1+ Kf7 26. fxe4 dxe4 27. Nxe4
Rh8 28. Bc4+ Be6 29. Ng5+ Kf6 30. Nxe6 h3 31. Nxf4 h2 32. Rg6+ Ke7 33. Kg3 b5
34. Bb3 Raf8 35. Rxc6 Rfg8+ 36. Bxg8 Rxg8+ 37. Kf3 Rg1 38. Rxh2 1-0

[Event "Hillerod Klubmesterskab Gruppe C"]
[Site "Hillerod"]
[Date "????.??.??"]
[Round "2"]
[White "Holm, Erik"]
[Black "Christoffersen, Micki Aron"]
[Result "1/2-1/2"]
[WhiteElo "1369"]
[BlackElo "1278"]
[PlyCount "150"]
[EventDate "2017.??.??"]
[EventType "tourn"]
[EventRounds "9"]
[EventCountry "DEN"]

1. e4 e5 2. Nf3 Nc6 3. Bb5 Nf6 4. O-O Bc5 5. Nc3 a6 6. Bxc6 bxc6 7. d4 exd4 8.
Nxd4 O-O 9. Bg5 h6 10. Bh4 Bb7 11. Nf5 d6 12. Qf3 Re8 13. Nxh6+ Kf8 14. Qf4 Bd4
15. Ng4 Bxc3 16. bxc3 Rxe4 17. Qxe4 Nxe4 18. Bxd8 Rxd8 19. c4 Nd2 20. Rfe1 Nxc4
21. Re2 d5 22. Rae1 c5 23. Re7 d4 24. Rxc7 Bd5 25. Rxc5 Nb2 26. a3 Bc4 27. Rb1
d3 28. cxd3 Rxd3 29. Ne5 Rc3 30. Nxc4 Nxc4 31. Rc7 g6 32. g3 Kg7 33. Rb4 Rc1+
34. Kg2 Ne3+ 35. fxe3 Rxc7 36. Ra4 Ra7 37. Kf3 g5 38. Kg4 f6 39. Ra5 Re7 40.
Kf3 Re6 41. h3 Kg6 42. e4 Rb6 43. Kg4 Re6 44. Ra4 Re5 45. Kf3 a5 46. Rd4 Rb5
47. Kg4 f5+ 48. exf5+ Rxf5 49. Rd6+ Rf6 50. Rd5 Rc6 51. Rxg5+ Kh6 52. Rxa5 Rc4+
53. Kf3 Rc3+ 54. Kf2 Rc2+ 55. Ke1 Rg2 56. g4 Rb2 57. Rh5+ Kg6 58. a4 Ra2 59. a5
Rb2 60. Kf1 Rc2 61. Rf5 Rb2 62. Rf3 Ra2 63. Rf5 Rh2 64. Rf3 Ra2 65. h4 Rxa5 66.
Kg2 Kh6 67. Kh3 Kg6 68. h5+ Kg5 69. Rf5+ Rxf5 70. gxf5 Kxf5 71. Kh4 Kf6 72. Kg4
Kg7 73. Kg5 Kh7 74. h6 Kg8 75. Kg6 Kh8 1/2-1/2

[Event "Hillerod Klubmesterskab Gruppe C"]
[Site "Hillerod"]
[Date "????.??.??"]
[Round "2"]
[White "Rabjerg, Thue"]
[Black "Hein, Jacob"]
[Result "1-0"]
[WhiteElo "1390"]
[BlackElo "1424"]
[PlyCount "67"]
[EventDate "2017.??.??"]
[EventType "tourn"]
[EventRounds "9"]
[EventCountry "DEN"]

1. e4 c5 2. Nc3 g6 3. f4 Bg7 4. Nf3 a6 5. Bc4 b5 6. Bd5 Nc6 7. f5 e6 8. fxe6
fxe6 9. Bxc6 dxc6 10. O-O a5 11. d3 a4 12. Ng5 Nf6 13. e5 Qd4+ 14. Kh1 Qxe5 15.
Nce4 h6 16. Nf3 Qd5 17. Nxf6+ Bxf6 18. Qe1 a3 19. b3 Bxa1 20. Nh4 Qh5 21. Qe4
Bd7 22. Nxg6 Rg8 23. Nf4 Qe5 24. Qxe5 Bxe5 25. Ne2 Rg6 26. Be3 Bd6 27. Nc3
O-O-O 28. Ne4 Kc7 29. Nxd6 Kxd6 30. d4 c4 31. b4 c3 32. d5 Kxd5 33. Rd1+ Kc4
34. Rd4# 1-0

[Event "Hillerod Klubmesterskab Gruppe C"]
[Site "Hillerod"]
[Date "????.??.??"]
[Round "2"]
[White "Wennerberg, Thien"]
[Black "Nielsen, Benny"]
[Result "1/2-1/2"]
[WhiteElo "1052"]
[BlackElo "1303"]
[PlyCount "52"]
[EventDate "2017.??.??"]
[EventType "tourn"]
[EventRounds "9"]
[EventCountry "DEN"]

1. e4 e5 2. Nf3 Nc6 3. c3 Nf6 4. d4 exd4 5. e5 Nd5 6. c4 Ndb4 7. a3 Na6 8. Nxd4
Nxe5 9. Qe2 Be7 10. Qxe5 O-O 11. Nf5 Bf6 12. Qg3 Re8+ 13. Be2 d6 14. Nh6+ Kf8
15. Ng4 Be5 16. Nxe5 Rxe5 17. Nc3 Nc5 18. Bf4 Ne4 19. Nxe4 Rxe4 20. f3 Re8 21.
Rd1 Qf6 22. Rd2 Bf5 23. O-O Re6 24. Qg5 Qxg5 25. Bxg5 f6 26. Bf4 Rae8 1/2-1/2

[Event "Hillerod Klubmesterskab Gruppe C"]
[Site "Hillerod"]
[Date "????.??.??"]
[Round "3"]
[White "Agerso, Sebastian"]
[Black "Wennerberg, Thien"]
[Result "0-1"]
[WhiteElo "1000"]
[BlackElo "1052"]
[PlyCount "86"]
[EventDate "2017.??.??"]
[EventType "tourn"]
[EventRounds "9"]
[EventCountry "DEN"]

1. e4 c5 2. Nf3 d6 3. Bc4 a6 4. O-O b5 5. Bd5 Ra7 6. d3 Bb7 7. Be3 Bxd5 8. exd5
Rc7 9. Nbd2 Nf6 10. b4 Nxd5 11. bxc5 Nxe3 12. fxe3 Rxc5 13. c4 g6 14. d4 Rc7
15. cxb5 Bh6 16. Qe2 Qd7 17. bxa6 Rc3 18. Rab1 O-O 19. Qb5 Qxb5 20. Rxb5 Nxa6
21. Kh1 Bxe3 22. Ra5 Nb4 23. Re1 Rfc8 24. Nf1 Bf2 25. Rxe7 Rc1 26. N3d2 Nc6 27.
Re2 Nxa5 28. Rxf2 Nc4 29. Nxc4 R8xc4 30. d5 R4c2 31. Kg1 Rxf2 32. Kxf2 Rc2+ 33.
Ke3 Rc4 34. Nd2 Rg4 35. g3 Kf8 36. Kf3 Rd4 37. Nb3 Rxd5 38. Ke4 Rg5 39. a4 Rg4+
40. Kd5 Rxa4 41. Kxd6 h5 42. h4 Ra3 43. Nd4 Rxg3 0-1

[Event "Hillerod Klubmesterskab Gruppe C"]
[Site "Hillerod"]
[Date "????.??.??"]
[Round "3"]
[White "Christoffersen, Micki Aron"]
[Black "Hansen, Hardy"]
[Result "0-1"]
[WhiteElo "1278"]
[BlackElo "1377"]
[PlyCount "111"]
[EventDate "2017.??.??"]
[EventType "tourn"]
[EventRounds "9"]
[EventCountry "DEN"]

1. e4 e5 2. Nf3 d6 3. Bc4 h6 4. d3 Nf6 5. Nc3 c6 6. b4 a6 7. Bb2 Qb6 8. a3 Ng4
9. O-O Nf6 10. h3 g6 11. Ne2 Bg7 12. Bb3 Qd8 13. c4 g5 14. Ng3 g4 15. Nh4 gxh3
16. Nhf5 Bf8 17. gxh3 h5 18. Kh2 h4 19. Ne2 Nh7 20. Rg1 Ng5 21. Nc3 Be6 22. Bc1
f6 23. Bxg5 fxg5 24. f3 Nd7 25. a4 Qf6 26. b5 Bxf5 27. bxc6 bxc6 28. exf5 Qxf5
29. Ne4 Be7 30. Bc2 Qf4+ 31. Kh1 d5 32. cxd5 cxd5 33. Rg4 Qe3 34. Nc3 Nf6 35.
Rg1 d4 36. Qe2 Qf4 37. Ne4 Nd5 38. Bb3 Ne3 39. Rac1 Qf5 40. Kh2 Qf4+ 41. Kh1
Nf5 42. Bd5 Rd8 43. Be6 Rh6 44. Bxf5 Qxf5 45. Rg2 Qxh3+ 46. Rh2 Qf5 47. Rg1 Rg6
48. Rhg2 Rc8 49. Rg4 Rcc6 50. Qd1 Kf8 51. Kh2 Kg7 52. Kh3 a5 53. Rf1 Bb4 54.
Qb1 Kh6 55. Qa2 Qc8 56. Qb2 0-1

[Event "Hillerod Klubmesterskab Gruppe C"]
[Site "Hillerod"]
[Date "????.??.??"]
[Round "3"]
[White "Hein, Jacob"]
[Black "Holm, Erik"]
[Result "0-1"]
[WhiteElo "1424"]
[BlackElo "1369"]
[PlyCount "102"]
[EventDate "2017.??.??"]
[EventType "tourn"]
[EventRounds "9"]
[EventCountry "DEN"]

1. c4 d6 2. Nc3 Nf6 3. d4 Bf5 4. Nf3 e6 5. Nh4 Be7 6. Nxf5 exf5 7. Qc2 Qd7 8.
g3 O-O 9. Bg2 c6 10. Bh3 g6 11. O-O d5 12. Rd1 dxc4 13. e4 Qd8 14. exf5 Nd5 15.
fxg6 hxg6 16. Bh6 Re8 17. Ne4 Bf8 18. Bxf8 Kxf8 19. Rd2 b5 20. Re1 Nb4 21. Qc3
Nd3 22. Rxd3 cxd3 23. d5 f5 24. Qh8+ Kf7 25. Qh7+ Kf8 26. Qh8+ Kf7 27. Qxe8+
Kxe8 28. Nc5+ Kf7 29. Nxd3 Qxd5 30. Ne5+ Kf6 31. f4 Nd7 32. Bg2 Qc5+ 33. Kh1
Nxe5 34. fxe5+ Ke6 35. a3 Rd8 36. b4 Qc3 37. Rg1 Rd2 38. h4 Qc2 39. Kh2 Rd1 40.
Rxd1 Qxd1 41. Bxc6 Qc2+ 42. Bg2 Kxe5 43. Kh3 Qb3 44. Bf1 a6 45. Be2 Qxa3 46. h5
gxh5 47. Bxh5 Qxb4 48. g4 Qxg4+ 49. Bxg4 a5 50. Kg3 a4 51. Bh5 a3 0-1

[Event "Hillerod Klubmesterskab Gruppe C"]
[Site "Hillerod"]
[Date "????.??.??"]
[Round "3"]
[White "Hviid, Hans Henrik"]
[Black "Rabjerg, Thue"]
[Result "0-1"]
[WhiteElo "1358"]
[BlackElo "1390"]
[PlyCount "66"]
[EventDate "2017.??.??"]
[EventType "tourn"]
[EventRounds "9"]
[EventCountry "DEN"]

1. e4 e6 2. Nf3 d5 3. exd5 exd5 4. d4 Bd6 5. Qe2+ Be6 6. Qb5+ Nc6 7. Qxb7 Na5
8. Qb5+ c6 9. Qe2 Nf6 10. Bg5 O-O 11. Qd2 Be7 12. b4 Nc4 13. Bxc4 dxc4 14. O-O
Bd5 15. Qe3 Re8 16. Re1 Qc7 17. Bxf6 gxf6 18. Nh4 Bxb4 19. Qxe8+ Rxe8 20. Rxe8+
Kg7 21. c3 Qf4 22. Re3 Bd6 23. Rg3+ Kh8 24. Na3 Qxh4 25. Re1 Bxg3 26. hxg3 Qh6
27. Re8+ Kg7 28. Re7 Qc1+ 29. Kh2 Qxa3 30. Rc7 Qxa2 31. g4 Qxf2 32. Kh3 Qxg2+
33. Kh4 Qh2# 0-1

[Event "Hillerod Klubmesterskab Gruppe C"]
[Site "Hillerod"]
[Date "????.??.??"]
[Round "3"]
[White "Nielsen, Benny"]
[Black "Eldor, Finn"]
[Result "0-1"]
[WhiteElo "1303"]
[BlackElo "1356"]
[PlyCount "71"]
[EventDate "2017.??.??"]
[EventType "tourn"]
[EventRounds "9"]
[EventCountry "DEN"]

1. d4 d5 2. Nf3 c5 3. c3 Nc6 4. e3 Bd7 5. Bd3 g6 6. O-O c4 7. Bc2 Bg7 8. Re1
Nf6 9. Nbd2 O-O 10. h3 b5 11. e4 dxe4 12. Nxe4 Nd5 13. Nc5 Bc8 14. Be3 Nxe3 15.
fxe3 e6 16. Be4 Qd6 17. Bxc6 Qxc6 18. Ne5 Bxe5 19. Qf3 Qxf3 20. gxf3 Bd6 21.
Ne4 Be7 22. f4 Bb7 23. Nc5 Bxc5 24. dxc5 Be4 25. Kf2 f5 26. Red1 Rad8 27. Rd4
Rd5 28. Rad1 Bd3 29. Rd2 Rxc5 30. a3 Rd5 31. b4 h6 32. Kg3 g5 33. Rf2 Kh7 34.
Rd2 gxf4+ 35. exf4 Rxd4 36. cxd4 0-1

[Event "Hillerod Klubmesterskab Gruppe C"]
[Site "Hillerod"]
[Date "????.??.??"]
[Round "4"]
[White "Christoffersen, Micki Aron"]
[Black "Hein, Jacob"]
[Result "1-0"]
[WhiteElo "1278"]
[BlackElo "1424"]
[PlyCount "173"]
[EventDate "2017.??.??"]
[EventType "tourn"]
[EventRounds "9"]
[EventCountry "DEN"]

1. e4 Nf6 2. Nc3 Nc6 3. Nf3 e5 4. Bc4 h6 5. a3 a6 6. d3 d6 7. O-O Bg4 8. Nd5
Na5 9. Nxf6+ Qxf6 10. Bd2 Nxc4 11. dxc4 Qg6 12. Re1 O-O-O 13. b4 Kd7 14. a4 h5
15. Bc3 Ke7 16. Qe2 h4 17. Qe3 Bh3 18. Qg5+ Qxg5 19. Nxg5 Bc8 20. Rad1 Rh6 21.
c5 Ke8 22. Bb2 Be7 23. Bc1 Rg6 24. Nf3 Bd7 25. cxd6 cxd6 26. c4 Bh3 27. g3 hxg3
28. fxg3 Bg4 29. Kg2 Bd7 30. b5 axb5 31. cxb5 Ra8 32. Re2 Rxa4 33. Rb2 Rxe4 34.
Rdd2 f5 35. Rdc2 Bd8 36. Kf2 Bb6+ 37. Kg2 f4 38. Re2 Rxe2+ 39. Rxe2 Bxb5 40.
Rb2 Bc6 41. Rxb6 fxg3 42. hxg3 e4 43. Nh4 Rf6 44. Be3 Kd7 45. Kh3 g6 46. Kg4
Kc7 47. Kg5 Re6 48. g4 Be8 49. Ng2 Re5+ 50. Kf4 g5+ 51. Kg3 Bc6 52. Ne1 Ra5 53.
Kf2 Bd7 54. Rb2 Bxg4 55. Bb6+ Kc6 56. Bxa5 b5 57. Bd2 Be6 58. Bxg5 Bc4 59. Rc2
d5 60. Ng2 Kc5 61. Ne3 Kd4 62. Nxc4 bxc4 63. Be3+ Ke5 64. Rd2 c3 65. Rc2 d4 66.
Bh6 Kd5 67. Bg7 Kc4 68. Bh6 d3 69. Rc1 Kb3 70. Re1 Kb2 71. Rxe4 d2 72. Bxd2
cxd2 73. Rd4 Kc3 74. Rd7 Kc2 75. Ke2 d1=Q+ 76. Rxd1 Kc3 77. Rd2 Kc4 78. Rd3 Kb4
79. Kd2 Kc4 80. Kc2 Kc5 81. Kc3 Kb5 82. Rd4 Kc5 83. Kd3 Kc6 84. Kc4 Kc7 85. Rd5
Kc6 86. Kd4 Kb6 87. Rc5 1-0

[Event "Hillerod Klubmesterskab Gruppe C"]
[Site "Hillerod"]
[Date "????.??.??"]
[Round "4"]
[White "Eldor, Finn"]
[Black "Agerso, Sebastian"]
[Result "1-0"]
[WhiteElo "1356"]
[BlackElo "1000"]
[PlyCount "59"]
[EventDate "2017.??.??"]
[EventType "tourn"]
[EventRounds "9"]
[EventCountry "DEN"]

1. c4 e5 2. d3 Nf6 3. g3 d5 4. cxd5 Nxd5 5. Bg2 Bc5 6. Nc3 Be6 7. Nf3 Nc6 8.
Ng5 O-O 9. O-O Nd4 10. Nge4 Qe7 11. e3 Nf5 12. Nxc5 Nxc3 13. bxc3 Qxc5 14. Bb2
Qb5 15. Qc2 Rad8 16. Rfd1 b6 17. d4 Rd7 18. e4 Ne7 19. d5 Rfd8 20. c4 Qa5 21.
Bxe5 Bg4 22. f3 Bh5 23. Qb2 f6 24. Bd4 c6 25. Bh3 Bxf3 26. Rf1 Bxe4 27. Bxf6
Qc5+ 28. Bd4 Qxc4 29. Be6+ Kh8 30. Bxg7# 1-0

[Event "Hillerod Klubmesterskab Gruppe C"]
[Site "Hillerod"]
[Date "????.??.??"]
[Round "4"]
[White "Holm, Erik"]
[Black "Hviid, Hans Henrik"]
[Result "1-0"]
[WhiteElo "1369"]
[BlackElo "1358"]
[PlyCount "67"]
[EventDate "2017.??.??"]
[EventType "tourn"]
[EventRounds "9"]
[EventCountry "DEN"]

1. e4 d5 2. exd5 Qxd5 3. Nc3 Qe5+ 4. Be2 e6 5. Nf3 Qf5 6. d4 Bb4 7. Bd3 Bxc3+
8. bxc3 Qa5 9. Bd2 Nf6 10. O-O Qa3 11. Bc4 Ne4 12. Bb3 O-O 13. Qe2 Nd6 14. Ne5
f6 15. Nd3 Re8 16. Rfe1 Kh8 17. Qf3 Qa5 18. Rad1 Nd7 19. Re2 e5 20. c4 e4 21.
Rxe4 Rxe4 22. Bxa5 Rxd4 23. Bc3 Ne5 24. Nxe5 Rxd1+ 25. Qxd1 fxe5 26. Bxe5 Nf7
27. Bxc7 Bf5 28. Qd5 Nh6 29. Bf4 Re8 30. h3 Re1+ 31. Kh2 Be4 32. Qd8+ Ng8 33.
c5 Re2 34. Qxg8# 1-0

[Event "Hillerod Klubmesterskab Gruppe C"]
[Site "Hillerod"]
[Date "????.??.??"]
[Round "4"]
[White "Rabjerg, Thue"]
[Black "Nielsen, Benny"]
[Result "1-0"]
[WhiteElo "1390"]
[BlackElo "1303"]
[PlyCount "49"]
[EventDate "2017.??.??"]
[EventType "tourn"]
[EventRounds "9"]
[EventCountry "DEN"]

1. e4 e5 2. f4 f6 3. Nf3 exf4 4. Bc4 Nc6 5. O-O d6 6. d4 Na5 7. Bd3 g5 8. e5
Be6 9. exd6 Bxd6 10. Re1 Kd7 11. Nc3 Qf8 12. Bd2 Re8 13. Nb5 Nc4 14. Nxd6 Nxd6
15. c3 Kc8 16. c4 Nxc4 17. Bxc4 Bxc4 18. Qa4 Be6 19. d5 Bd7 20. Qxa7 c6 21.
Rxe8+ Qxe8 22. Qa8+ Kc7 23. Ba5+ Kd6 24. Qxb7 Qe3+ 25. Kh1 1-0

[Event "Hillerod Klubmesterskab Gruppe C"]
[Site "Hillerod"]
[Date "????.??.??"]
[Round "5"]
[White "Agerso, Sebastian"]
[Black "Rabjerg, Thue"]
[Result "0-1"]
[WhiteElo "1000"]
[BlackElo "1390"]
[PlyCount "110"]
[EventDate "2017.??.??"]
[EventType "tourn"]
[EventRounds "9"]
[EventCountry "DEN"]

1. d4 d5 2. c4 e5 3. Nc3 dxc4 4. e4 exd4 5. Nce2 Nc6 6. Nf3 Bb4+ 7. Bd2 c3 8.
Qa4 cxd2+ 9. Kd1 Nf6 10. Nexd4 a5 11. Nxc6 bxc6 12. Qxc6+ Bd7 13. Qc4 O-O 14.
a3 Be6 15. Qc2 Be7 16. Nxd2 Rb8 17. Ke1 a4 18. Bd3 Bb3 19. Nxb3 Rxb3 20. Rd1
Qb8 21. e5 Rxb2 22. Qxa4 Nd5 23. Qe4 g6 24. Qxd5 Qb6 25. Qf3 Qa5+ 26. Kf1 Qxe5
27. Re1 Qd6 28. a4 Ra2 29. Re4 Qa3 30. g3 Ra1+ 31. Kg2 Rxh1 32. Kxh1 Rd8 33.
Be2 Qc1+ 34. Kg2 Qc5 35. Bc4 Rf8 36. h4 h5 37. Qe3 Qxe3 38. fxe3 Bd6 39. a5 Bc5
40. Kf3 Kg7 41. Re5 Ba7 42. Re7 Bb8 43. a6 Kf6 44. Rd7 Rc8 45. Bxf7 Ba7 46. e4
Bb6 47. Bd5 c6 48. Rd6+ Ke5 49. Re6+ Kd4 50. Bxc6 Rf8+ 51. Kg2 Kc5 52. Rxg6 Rc8
53. Bd5 Kb5 54. Bb7 Rc2+ 55. Kf3 Rf2# 0-1

[Event "Hillerod Klubmesterskab Gruppe C"]
[Site "Hillerod"]
[Date "????.??.??"]
[Round "5"]
[White "Hein, Jacob"]
[Black "Hansen, Hardy"]
[Result "1-0"]
[WhiteElo "1424"]
[BlackElo "1377"]
[PlyCount "93"]
[EventDate "2017.??.??"]
[EventType "tourn"]
[EventRounds "9"]
[EventCountry "DEN"]

1. Nf3 d5 2. h3 h6 3. b3 Nf6 4. Nc3 Bf5 5. d3 c6 6. e4 d4 7. Ne2 Bg6 8. Nexd4
e6 9. c3 Be7 10. Be3 Nbd7 11. Be2 Bh7 12. Qd2 g5 13. g4 Qc7 14. Bd1 a5 15. Bc2
Rd8 16. Ng1 Rg8 17. f4 e5 18. Nde2 exf4 19. Nxf4 gxf4 20. Bxf4 Bd6 21. Bxd6
Qxd6 22. Ne2 Ne5 23. O-O-O Qa3+ 24. Kb1 Nxe4 25. Qxh6 Bg6 26. Qe3 Nd7 27. d4
Qe7 28. Rhe1 Ndf6 29. c4 Rd6 30. Nf4 a4 31. g5 axb3 32. axb3 Nh5 33. Nxg6 Rgxg6
34. Bxe4 Rge6 35. Qf3 Ng7 36. Qf4 Kd8 37. c5 Qd7 38. cxd6 Rxd6 39. Qe5 Ne6 40.
Bf5 c5 41. d5 b5 42. Rc1 Rxd5 43. Qxd5 Qxd5 44. Red1 Qxd1 45. Rxd1+ Kc7 46.
Bxe6 fxe6 47. g6 1-0

[Event "Hillerod Klubmesterskab Gruppe C"]
[Site "Hillerod"]
[Date "????.??.??"]
[Round "5"]
[White "Hviid, Hans Henrik"]
[Black "Christoffersen, Micki Aron"]
[Result "1/2-1/2"]
[WhiteElo "1358"]
[BlackElo "1278"]
[PlyCount "162"]
[EventDate "2017.??.??"]
[EventType "tourn"]
[EventRounds "9"]
[EventCountry "DEN"]

1. e4 e5 2. Nf3 Nc6 3. Nc3 Nf6 4. d3 Nd4 5. Nxd4 exd4 6. Nb5 Bc5 7. e5 Nd5 8.
g3 c6 9. Bg2 cxb5 10. Bxd5 O-O 11. O-O d6 12. exd6 Qxd6 13. Qf3 Rb8 14. Bf4 Bg4
15. Bxd6 Bxf3 16. Bxc5 Bxd5 17. Bxf8 Rxf8 18. Rfe1 Bc6 19. c3 dxc3 20. bxc3 a5
21. a3 g6 22. Re7 Kg7 23. Rae1 h5 24. Rc7 g5 25. Ree7 Kg6 26. Rxb7 Bxb7 27.
Rxb7 Rc8 28. Rxb5 Rxc3 29. Rxa5 Rxd3 30. h3 f6 31. a4 Ra3 32. Kg2 g4 33. h4 Ra2
34. Kf1 Kh6 35. Ra6 Kg6 36. Ra7 f5 37. Ra6+ Kf7 38. a5 Ke7 39. Rh6 Rxa5 40.
Rxh5 Re5 41. Rh7+ Kf6 42. Rd7 Re4 43. Rd8 Kg7 44. Rd6 f4 45. gxf4 Rxf4 46. Kg2
Ra4 47. Rd5 Re4 48. Rg5+ Kh6 49. Kg3 Re1 50. Kxg4 Rg1+ 51. Kf5 Rc1 52. f4 Rc5+
53. Ke6 Rc4 54. Ke5 Rc3 55. Kf6 Rh3 56. Rg8 Kh7 57. Rg7+ Kh6 58. Rg6+ Kh7 59.
Rg4 Kh6 60. f5 Rb3 61. Rg8 Kh7 62. Re8 Rb4 63. Re7+ Kh6 64. Re8 Kh7 65. Kg5 Kg7
66. h5 Rb2 67. Re7+ Kf8 68. f6 Rb5+ 69. Kg6 Rb4 70. h6 Rb5 71. h7 Rg5+ 72. Kh6
Rg6+ 73. Kh5 Rxf6 74. h8=Q+ Kxe7 75. Qg7+ Rf7 76. Qe5+ Kf8 77. Qd6+ Re7 78. Kg6
Ke8 79. Qc6+ Kd8 80. Kf6 Rf7+ 81. Ke6 Rf6+ 1/2-1/2

[Event "Hillerod Klubmesterskab Gruppe C"]
[Site "Hillerod"]
[Date "????.??.??"]
[Round "5"]
[White "Nielsen, Benny"]
[Black "Holm, Erik"]
[Result "0-1"]
[WhiteElo "1303"]
[BlackElo "1369"]
[PlyCount "96"]
[EventDate "2017.??.??"]
[EventType "tourn"]
[EventRounds "9"]
[EventCountry "DEN"]

1. e4 e5 2. Nf3 Nc6 3. Bc4 Nf6 4. d3 Be7 5. O-O O-O 6. Nc3 d6 7. h3 Na5 8. Bb3
c6 9. Nh2 Qc7 10. f4 exf4 11. Bxf4 b5 12. Ne2 Qb6+ 13. Kh1 Nxb3 14. axb3 Be6
15. Ng3 Nd7 16. Qd2 d5 17. Nf5 Bf6 18. c3 dxe4 19. dxe4 Nc5 20. Nd4 Bxd4 21.
Qxd4 Rfd8 22. Qe3 Bxb3 23. Qg3 Nxe4 24. Qe1 Re8 25. Be3 Qc7 26. Bf4 Qd7 27. Qh4
Qe7 28. Qxe7 Rxe7 29. Rae1 Rae8 30. Re3 g5 31. Bg3 Nxg3+ 32. Rxg3 h6 33. h4 Re1
34. Kg1 Bc4 35. Rxe1 Rxe1+ 36. Kf2 Re2+ 37. Kf1 Rxb2+ 38. Ke1 f6 39. Ng4 Kg7
40. h5 a5 41. Re3 Rxg2 42. Re7+ Kf8 43. Ne3 Kxe7 44. Nxg2 c5 45. Ne3 Kf7 46.
Nxc4 bxc4 47. Kd1 Ke6 48. Kc2 Ke5 0-1

[Event "Hillerod Klubmesterskab Gruppe C"]
[Site "Hillerod"]
[Date "????.??.??"]
[Round "5"]
[White "Wennerberg, Thien"]
[Black "Eldor, Finn"]
[Result "0-1"]
[WhiteElo "1052"]
[BlackElo "1356"]
[PlyCount "62"]
[EventDate "2017.??.??"]
[EventType "tourn"]
[EventRounds "9"]
[EventCountry "DEN"]

1. Nf3 c5 2. b3 Nc6 3. Bb2 Nf6 4. d4 cxd4 5. Nxd4 e5 6. Nxc6 bxc6 7. Bxe5 Be7
8. e3 O-O 9. Nd2 d6 10. Bc3 d5 11. Bd3 Re8 12. O-O Bd6 13. Re1 Qc7 14. Nf3 Ne4
15. Bxe4 dxe4 16. Qd4 f6 17. Nd2 Bf5 18. Ba5 Bxh2+ 19. Kh1 Qxa5 20. g3 Rad8 21.
Qc4+ Be6 22. Qxe4 Bh3 23. Qg2 Bxg2+ 24. Kxg2 Qxd2 25. Rh1 Bxg3 26. Kxg3 Qxc2
27. Rh4 Re5 28. Rc4 Qf5 29. Rf4 Qg6+ 30. Kf3 Qh5+ 31. Rg4 f5 0-1